000
003170000a22001450004500
003
MACL
040
_a
MACL
090
_c
6790
_d
6789
100
_a
Jain Bhawan
245
_a
Thus Sayeth our Lord
_b
Teachings of Lord Mahavira
260
_b
Jain Bhawan
_c
1974
350
_a
1.50
650
_a
Religion
942
_c
BOOK
_k
294
999
_c
6742
_d
6742